The complete manual of : organic gardening

Bibliographic Details
Other Authors: Caplan, Basil
Format: Book
Published: London : Headline Book Publishing Plc. , 1992
Subjects:

MARC

LEADER 00000cam a2200000 7i4500
001 0000002487
002 000002710
005 20081217.0
020 |a 0747205159 
090 0 0 |a 635.0484   |b COM 
245 0 4 |a The complete manual of :   |b organic gardening   |c edited by Basil Caplan 
260 |a London :   |b Headline Book Publishing Plc. ,   |c 1992 
300 |a 406p. :   |b ill. ;   |c 30cm. 
650 0 0 |a Organic gardening   |x Handbooks, manuals, etc 
700 1 |a Caplan, Basil 
999 |a 033732   |b BUKU   |c RUJUKAN   |e PERPUSTAKAAN KOMUNITI PETALING JAYA